The green house : (Record no. 352261)

000 -LEADER
fixed length control field 01006 a2200301 4500
003 - CONTROL NUMBER IDENTIFIER
control field OSt
005 - DATE AND TIME OF LATEST TRANSACTION
control field 20180116192328.0
008 - FIXED-LENGTH DATA ELEMENTS--GENERAL INFORMATION
fixed length control field 120214t xxu||||| |||| 00| 0 eng d
010 ## - LIBRARY OF CONGRESS CONTROL NUMBER
LC control number 2004063259
020 ## - INTERNATIONAL STANDARD BOOK NUMBER
International Standard Book Number 0060732792
040 ## - CATALOGING SOURCE
Transcribing agency 0
082 00 - DEWEY DECIMAL CLASSIFICATION NUMBER
Classification number 863.64
100 1# - MAIN ENTRY--PERSONAL NAME
Personal name Vargas Llosa, Mario,
245 14 - TITLE STATEMENT
Title The green house :
Remainder of title a novel /
Statement of responsibility, etc. Mario Vargas Llosa : translated by Gregory Rabassa.
250 ## - EDITION STATEMENT
Edition statement 1st Rayo ed.
260 ## - PUBLICATION, DISTRIBUTION, ETC.
Place of publication, distribution, etc. New York :
Name of publisher, distributor, etc. Rayo,
Date of publication, distribution, etc. 2005.
300 ## - PHYSICAL DESCRIPTION
Extent 405p.:
Dimensions 20cm
500 ## - GENERAL NOTE
General note Includes index
650 ## - SUBJECT ADDED ENTRY--TOPICAL TERM
Topical term or geographic name entry element Science fiction
650 ## - SUBJECT ADDED ENTRY--TOPICAL TERM
Topical term or geographic name entry element Spanish language
650 ## - SUBJECT ADDED ENTRY--TOPICAL TERM
Topical term or geographic name entry element Good and evil
650 ## - SUBJECT ADDED ENTRY--TOPICAL TERM
Topical term or geographic name entry element Peru
700 1# - ADDED ENTRY--PERSONAL NAME
Personal name Rabassa, Gregory.
856 42 - ELECTRONIC LOCATION AND ACCESS
Materials specified Contributor biographical information
Uniform Resource Identifier <a href="http://www.loc.gov/catdir/enhancements/fy0910/2004063259-b.html">http://www.loc.gov/catdir/enhancements/fy0910/2004063259-b.html</a>
856 42 - ELECTRONIC LOCATION AND ACCESS
Materials specified Publisher description
Uniform Resource Identifier <a href="http://www.loc.gov/catdir/enhancements/fy0910/2004063259-d.html">http://www.loc.gov/catdir/enhancements/fy0910/2004063259-d.html</a>
942 ## - ADDED ENTRY ELEMENTS (KOHA)
Institution code [OBSOLETE] SADA
Koha item type Book
Call number prefix 863.64 VAR 2005
Source of classification or shelving scheme
Holdings
Withdrawn status Lost status Source of classification or shelving scheme Damaged status Not for loan Permanent Location Current Location Date acquired Total Checkouts Total Renewals Full call number Barcode Date last seen Date last checked out Cost, replacement price Price effective from Koha item type
          School of Art Design and Architecture (SADA) School of Art Design and Architecture (SADA) 09/17/2010 4 1 863.64 VAR 2005 SADA0000137 03/24/2016 02/12/2016 1212.00 08/05/2011 Book
© 2023 Central Library, National University of Sciences and Technology. All Rights Reserved.